000 00687nam a22002537a 4500
003 UA-OsUOA
001 85983
007 ta
008 20120723b un ||||| |||| 00| 0 ukr d
100 _aБазілінська О.Я.
090 _a336(075.8)
_bБ17
942 _cBK
040 _aUA-OsUOA
_bukr
_cUA-OsUOA
_dUA-OsUOA
245 _aФінансовий аналіз: теорія та практика
_bнавчальний посібник
300 _a328 с.
955 _a2
041 _aukr
080 _a336(075.8)
020 _a978-966364-848-4
260 _aК.
_bЦУЛ
_c2011
250 _n2-ге вид.
650 7 _a336 Фінанси
_2UDC
999 _c372287
_d372287